Top 15 des pays avec les décès de Covid-19 - 8 juillet - Statistiques

Statistiques générales
  • Ce quiz a été pris 48 fois
  • Le résultat moyen est 13 sur 19
Statistiques - réponses
pays % Correct
France
98%
Espagne
95%
Etats-Unis
95%
Italie
93%
Brésil
86%
Inde
86%
Canada
83%
Allemagne
81%
Mexique
81%
Royaume-Uni
81%
Russie
81%
Belgique
52%
Chili
48%
Pérou
45%
Pays-Bas
43%
Iran
40%
Suède
36%
Irlande
33%
Équateur
21%
Aucun quiz correspondant
Distribution des résultats
% des personnes avec chaque résultat
Percentile par nombre de réponses
Votre historique - résultats
Vous n’avez pas pris ce quiz